000
00224nam a22000857a 4500
008
161022b xxu||||| |||| 00| 0 eng d
100
_9
940
_a
Khati.R.
245
_a
Fact Finding Science-2
260
_a
New Delhi
_b
ESPPublications
_c
2011
999
_c
3594
_d
3594